Supereroi Marvel e DC - quiz - Statistics

Statistiche generali
  • Questo quiz è stato fatto 1.460 volte
  • Il punteggio medio è 22 su 42
Statistiche sulle risposte
Nome e Cognome Nome Supereroe % Corretto
Bruce Banner Hulk
96%
Peter Parker Spiderman
92%
Tony Stark Iron Man
91%
Steve Rogers Capitan America
87%
Natasha Romanoff Vedova Nera
85%
Bruce Wayne Batman
84%
Stephen Strange Doctor Strange
82%
T'Challa Pantera Nera
81%
Clark Kent Superman
81%
Scott Lang Ant Man
74%
Wanda Maximoff Scarlet Witch
72%
Clint Barton Occhio di Falco
71%
Diana Prince Wonder Woman
67%
Sam Wilson Falcon
62%
Barry Allen Flash
62%
Carol Denvers Capitan Marvel
60%
Matt Murdock Daredevil
54%
Pietro Maximoff Quicksilver
54%
Logan Howlett Wolverine
53%
Susan Storm Donna Invisibile
51%
Johnny Storm Torcia Umana
50%
Charles Xavier Professor X
49%
Kamala Khan Miss Marvel
48%
Wade Wilson Deadpool
47%
Hope Van Dyne Wasp
46%
Oliver Queen Freccia Verde
45%
Reed Richards Mister Fantastic
43%
Ben Grimm Cosa
41%
Jean Grey Fenice (Nera)
39%
Namor McKenzie Namor
37%
James Rhodes War Machine
37%
Dick Grayson Robin
36%
Kara Zor-El Supergirl
34%
Scott Summers Ciclope
31%
Hal Jordan Lanterna Verde
27%
Erik Lehnsherr Magneto
27%
Hank McCoy Bestia
26%
Billy Batson Shazam
26%
Victor Stone Cyborg
23%
Arthur Curry Aquaman
21%
Onoro Munroe Tempesta
20%
Raven Darkhölme Mystica
19%
Nessun quiz corrispondente trovato
Distribuzione punteggi
Percentuale di utenti per punteggio
Percentile per numero di risposta
I tuoi punteggi nel tempo
Non hai fatto questo quiz